00457nam a22001337a 4500003000500000038001800005082000800023100001800031245013400049264003200183650001800215700003300233856005700266NUST aNusrat Nadeem a200 aYasir Iqbal,  aDevelopment of Multifunctional Polymer-Metallic Nanomaterials as Targeted Drug Carrier for Breast Cancer Treatment/cIqbal, Yasir aIslamabad:bSNS NUSTc2025. aPhD-Physics  aSupervisor: Dr. Faheem Amin uhttp://10.250.8.41:8080/xmlui/handle/123456789/56825